000 00719nam a2200181Ia 4500
008 090630s9999 xx 000 0 und d
082 _b21107
100 _aभालेकर शामकांत.
245 _aगोष्ट मृत्युंजय नचिकेतची.
_cभालेकर शामकांत.
260 _bजयदीप.
300 _a63
600 _aभालेकर शामकांत.
630 _aगोष्ट मृत्युंजय नचिकेतची.
655 _aधार्मिक.
700 _aभालेकर शामकांत.
730 _aगोष्ट मृत्युंजय नचिकेतची.
942 _cBOOK
999 _c272963
_d272963